00802cam a22002411 4500001001300000003000400013005001700017008004100034010001700075035002000092040004900112042001200161050002000173051005700193110004700250245005500297260004300352300002400395500002800419610004000447710005600487999001700543war17000103 DLC20260227112811.0880811s1917 dcu f000 0 eng c awar17000103  a(OCoLC)18342150 aLibrary, War CollegecIaASdIaASdOCoLCdDLC apremarc00aUA24b.A7 1917d aUA24b.A7 1917d Copy 3cCopy 3. Fabyan item no. 723.1 aUnited States.bAdjutant-General's Office.10aTables of organization, United States Army.b1917. aWashington,bGovt. Print. Off.,c1917. avi, 3-76 p.c23 cm. aWar Dept. doc. no. 571.10aUnited States.bArmyxOrganization.2 aGeorge Fabyan Collection (Library of Congress)5DLC c92317d92317